[Event "FRA-chT2 0910"]
[Site "France"]
[Date "2009.11.22"]
[Round "4.4"]
[White "Prevot, Jean Luc"]
[Black "Marciniak, Alexandre"]
[Result "0-1"]
[WhiteElo "2096"]
[BlackElo "2138"]
[PlyCount "80"]
[EventDate "2009.09.27"]
[EventType "team-tourn"]
[EventRounds "11"]
[EventCountry "FRA"]
[SourceTitle "EXT 2011"]
[Source "ChessBase"]
[SourceDate "2010.11.26"]
[SourceVersion "1"]
[SourceVersionDate "2010.11.26"]
[SourceQuality "1"]

1. Nf3 d5 2. c4 c6 3. b3 Nf6 4. Bb2 Bg4 5. g3 Bxf3 6. exf3 Nbd7 7. f4 e6 8. Bg2 g6 9. 0-0 Bg7 10. d3 0-0 11. Nc3 Re8 12. Qd2 a6 13. Rac1 Rc8 14. Rc2 Bh8 15. Rfc1 Ra8 16. b4 Nh5 17. Ne2 Bxb2 18. Rxb2 Qf6 19. Nc3 Ng7 20. a4 Nf5 21. b5 axb5 22. axb5 Ra3 23. Ra2 Rea8 24. Rxa3 Rxa3 25. Qb2 Ra7 26. bxc6 bxc6 27. cxd5 cxd5 28. Rb1 Kg7 29. Qb4 Qd4 30. Bf1 Nc5 31. Nb5 Qxb4 32. Rxb4 Ra1 33. Kg2 Rd1 34. d4 Ne4 35. Be2 Rd2 36. Kf3 h5 37. h3 g5 38. fxg5 Nxg5+ 39. Kf4 Nxh3+ 40. Kf3 Ng1+ 0-1

[Event "NATO-ch 20th"]
[Site "Hammelburg"]
[Date "2009.06.18"]
[Round "6"]
[White "Prevot, Jean Luc"]
[Black "Ola, Nathaniel"]
[Result "1-0"]
[WhiteElo "2119"]
[BlackElo "1975"]
[PlyCount "137"]
[EventDate "2009.06.15"]
[EventType "swiss"]
[EventRounds "7"]
[EventCountry "GER"]
[SourceTitle "CBM 130 Extra"]
[Source "ChessBase"]
[SourceDate "2009.07.02"]
[SourceVersion "2"]
[SourceVersionDate "2009.07.15"]
[SourceQuality "1"]

1. Nf3 d5 2. c4 c6 3. b3 Bf5 4. Bb2 e6 5. g3 Nd7 6. Bg2 Ngf6 7. 0-0 Be7 8. d3 Bg4 9. Nbd2 Bxf3 10. Nxf3 0-0 11. Qc2 c5 12. e4 d4 13. b4 e5 14. bxc5 Bxc5 15. a4 Qe7 16. Bc1 Ne8 17. Nh4 g6 18. Bh6 Ng7 19. Bh3 Rab8 20. Kh1 f6 21. Qe2 Rf7 22. Qg4 Bd6 23. f4 Rd8 24. Rab1 Rb8 25. Rb5 Nf8 26. Rb2 Qd7 27. Bxg7 Qxg4 28. Bxg4 Kxg7 29. Rbf2 Nd7 30. Bxd7 Rxd7 31. Rb1 a6 32. f5 g5 33. Nf3 a5 34. Rb3 Bb4 35. Rbb2 Kf7 36. Nd2 Bc3 37. Rc2 Rc7 38. Nb3 Ra8 39. Rc1 Bb4 40. Rb1 Ke7 41. Nc1 Ra7 42. Rb3 b6 43. Na2 Bc5 44. Rb5 Rab7 45. Nc1 h5 46. h3 Ba3 47. Nb3 Bb4 48. Kg2 Ba3 49. Kf3 Bb4 50. Ke2 Ba3 51. Kf3 Bb4 52. g4 h4 53. Ke2 Ba3 54. Kd2 Bb4+ 55. Kc2 Ba3 56. Kb1 Bb4 57. Ka2 Bd6 58. Kb1 Bb4 59. Kc2 Ba3 60. Kb1 Bb4 61. Kb2 Bd6 62. c5 Bxc5 63. Nxc5 bxc5 64. Kb3 Rxb5+ 65. axb5 a4+ 66. Kxa4 Ra7+ 67. Kb3 Rc7 68. Ra2 Rd7 69. Kc4 1-0

[Event "NATO-ch 20th"]
[Site "Hammelburg"]
[Date "2009.06.17"]
[Round "4"]
[White "Prevot, Jean Luc"]
[Black "Moen, Steinar"]
[Result "0-1"]
[WhiteElo "2119"]
[BlackElo "2214"]
[PlyCount "104"]
[EventDate "2009.06.15"]
[EventType "swiss"]
[EventRounds "7"]
[EventCountry "GER"]
[SourceTitle "CBM 130 Extra"]
[Source "ChessBase"]
[SourceDate "2009.07.02"]
[SourceVersion "2"]
[SourceVersionDate "2009.07.15"]
[SourceQuality "1"]

1. Nf3 d5 2. c4 c6 3. b3 Bf5 4. Bb2 Nd7 5. g3 Ngf6 6. Bg2 e6 7. 0-0 Be7 8. d3 h6 9. Nbd2 0-0 10. Rc1 Bh7 11. Qc2 a5 12. Nd4 e5 13. N4f3 e4 14. Bxf6 Nxf6 15. Ne5 Bd6 16. Qc3 d4 17. Qxd4 Qe7 18. Nxc6 bxc6 19. c5 Be5 20. Qa4 exd3 21. e3 Nd5 22. Rc4 Rfc8 23. Bh3 Rc7 24. Qa3 Qf6 25. Qc1 Nc3 26. Kh1 Ne2 27. Qd1 Bb2 28. f4 Bf5 29. Bxf5 Qxf5 30. Kg2 Qe6 31. Qb1 Bc3 32. e4 Rd8 33. Qd1 f5 34. exf5 Qxf5 35. Ne4 Qd5 36. Rf3 Bb4 37. Kf2 Re7 38. Re3 Kf7 39. Nd6+ Rxd6 40. Rxe7+ Kxe7 41. cxd6+ Kxd6 42. Ke3 Bc5+ 43. Kd2 Qf3 44. Rxc5 Kxc5 45. Qa1 Nd4 46. Qc3+ Kd5 47. Qxa5+ Ke6 48. Qe5+ Kf7 49. Qc7+ Kg8 50. Qd8+ Kh7 51. Qe8 c5 52. Qe5 Qf2+ 0-1

[Event "NATO-ch 20th"]
[Site "Hammelburg"]
[Date "2009.06.15"]
[Round "1"]
[White "Emmins, Karl"]
[Black "Prevot, Jean Luc"]
[Result "0-1"]
[WhiteElo "1616"]
[BlackElo "2119"]
[PlyCount "91"]
[EventDate "2009.06.15"]
[EventType "swiss"]
[EventRounds "7"]
[EventCountry "GER"]
[SourceTitle "CBM 130 Extra"]
[Source "ChessBase"]
[SourceDate "2009.07.02"]
[SourceVersion "2"]
[SourceVersionDate "2009.07.15"]
[SourceQuality "1"]

1. e4 c6 2. d4 d5 3. e5 Bf5 4. Nf3 e6 5. Nbd2 Nd7 6. Nb3 Ne7 7. Bd2 c5 8. c4 Nc6 9. Bc3 Qc7 10. cxd5 exd5 11. Bb5 c4 12. Nc1 Nb4 13. Bxd7+ Qxd7 14. Bxb4 Bxb4+ 15. Nd2 0-0 16. a3 Ba5 17. 0-0 c3 18. bxc3 Bxc3 19. Ndb3 Bxa1 20. Nxa1 Rac8 21. Ne2 Qb5 22. Re1 Qd3 23. Qxd3 Bxd3 24. Nf4 Bc4 25. Nc2 Bb3 26. Nb4 Rc4 27. g3 Re8 28. Ne2 Rd8 29. f4 a5 30. Nd3 b6 31. f5 Bc2 32. Nb2 Rcc8 33. g4 h5 34. h3 hxg4 35. hxg4 Be4 36. Na4 Rc6 37. Nac3 Bf3 38. Nb5 Bxg4 39. Ng3 Rc2 40. Nf1 Re2 41. Rc1 Bxf5 42. Rc3 Rc2 43. Rf3 Be4 44. Rg3 Rdc8 45. Ne3 Rb2 46. e6 0-1

[Event "FRA-ch Accession"]
[Site "Montpellier"]
[Date "1991.??.??"]
[Round "3"]
[White "Roos, Louis"]
[Black "Prevot, Jean Luc"]
[Result "1-0"]
[WhiteElo "2360"]
[BlackElo "1750"]
[PlyCount "53"]
[EventDate "1991.??.??"]
[EventType "swiss"]
[EventRounds "11"]
[EventCountry "FRA"]
[SourceTitle "EXT 1999"]
[Source "ChessBase"]
[SourceDate "1998.11.16"]
[SourceVersion "1"]
[SourceVersionDate "1998.11.16"]
[SourceQuality "1"]

1. e4 c6 2. d4 d5 3. exd5 cxd5 4. Bd3 Nf6 5. Bf4 e6 6. Nf3 Bd6 7. Bxd6 Qxd6 8. 0-0 0-0 9. Re1 Nbd7 10. Nbd2 a6 11. a4 b6 12. Ne5 Bb7 13. c3 Ne4 14. Nxd7 Qxd7 15. Nxe4 dxe4 16. Bxe4 Bxe4 17. Rxe4 Qd5 18. Re5 Qc6 19. Qb3 Rfd8 20. Rae1 Rab8 21. Rxe6 fxe6 22. Rxe6 Qd5 23. Re8+ Kf7 24. Qxd5+ Rxd5 25. Rxb8 b5 26. axb5 axb5 27. f4 1-0